Airlines that operate the 777 (All variants) - Statistics

General Stats
  • This quiz has been taken 280 times
  • The average score is 28 of 61
Answer Stats
Hint Answer % Correct
Airline Air India
97%
Airline American Airlines
89%
Airline Emirates
88%
Airline Delta Airlines
87%
Airline Aeromexico
85%
Airline Air France
85%
Airline Air China
84%
Airline EVA Air
83%
Airline British Airways
82%
Airline Ethiopian Airlines
81%
Airline KLM
77%
Airline Aeroflot
75%
Airline Japan Airlines
75%
Airline Air Canada
74%
Airline All Nippon Airways
73%
Airline China Southern
72%
Airline Korean Air
72%
Airline Etihad Airways
70%
Airline United Airlines
68%
Airline Air New Zealand
66%
Airline Qatar Airways
64%
Airline Singapore Airlines
62%
Airline Alitalia
59%
Airline Cathay Pacific
59%
Airline Turkish Airlines
58%
Airline Malaysia Airlines
57%
Airline Asiana Airlines
52%
Airline Egyptair
52%
Airline Saudi Arabian Airlines
49%
Airline China Airlines
47%
Airline Garuda Indonesia
46%
Airline EL AL Israel Airlines
45%
Airline Austrian Airlines
42%
Airline FedEx Express
40%
Airline Pakistan International Airlines
36%
Airline Kuwait Airways
35%
Airline Lufthansa Cargo
35%
Airline Vietnam Airlines
35%
Airline Virgin Australia
33%
Airline Kenya Airways
31%
Airline Biman Bangladesh Airlines
27%
Airline Jet Airways
26%
Airline Air Austral
22%
Airline Aerologic
20%
Airline Scoot
17%
Airline TAM Airlines
15%
Airline Turkmenistan Airlines
14%
Airline TAAG Angola Airlines
13%
Airline Iraqi Airways
11%
Airline Thai Airways International
10%
Airline EuroAtlantic Airways
9%
Airline Ceiba Intercontenental Airlines
8%
Airline LAN Cargo
6%
Airline Mid East Jet
6%
Airline Southern Air
6%
Airline Nordwind Airlines
5%
Airline Omni Air International
4%
Airline Phillippine Airlines
4%
Airline TNT Airways
3%
Airline Orenair
2%
Airline Transaero Airways
2%
No matching quizzes found
Score Distribution
Percent of People with Each Score
Percentile by Number Answered
Your Score History
You have not taken this quiz